ბათუმის შოთა რუსთაველის სახელმწიფო უნივერსიტეტის ბიბლიოთეკა

OSCEsmart : medical student OSCEs : (ბიბ.ჩანაწერი № 58736)

000 -LEADER
fixed length control field 00695nam a22002057a 4500
005 - DATE AND TIME OF LATEST TRANSACTION
control field 20220711163657.0
008 - FIXED-LENGTH DATA ELEMENTS--GENERAL INFORMATION
fixed length control field 220711s2017eng xxu||||| |||| 00| 0 eng d
020 ## - INTERNATIONAL STANDARD BOOK NUMBER
International Standard Book Number 9780998526751
041 ## - LANGUAGE CODE
Language code of text/sound track or separate title eng
080 ## - UNIVERSAL DECIMAL CLASSIFICATION NUMBER
Universal Decimal Classification number 61 TH-44
100 ## - MAIN ENTRY--PERSONAL NAME
Personal name Thenabadu, Sam Dr
9 (RLIN) 14362
245 ## - TITLE STATEMENT
Title OSCEsmart : medical student OSCEs :
Remainder of title the complete series /
Statement of responsibility, etc. Sam Thenabadu.
264 ## - PRODUCTION, PUBLICATION, DISTRIBUTION, MANUFACTURE, AND COPYRIGHT NOTICE
Place of production, publication, distribution, manufacture USA:
Name of producer, publisher, distributor, manufacturer Simon Cowen Publishing,
Date of production, publication, distribution, manufacture, or copyright notice 2017.
300 ## - PHYSICAL DESCRIPTION
Extent 415 pages.:
Other physical details 28 cm.
440 ## - SERIES STATEMENT/ADDED ENTRY--TITLE
Title OSCESmart.
9 (RLIN) 14363
653 ## - INDEX TERM--UNCONTROLLED
keyword OSCEsmart : medical student OSCEs : the complete series
653 ## - INDEX TERM--UNCONTROLLED
keyword მედიცინა
653 ## - INDEX TERM--UNCONTROLLED
keyword დიაგნოსტიკა გამოკვლევები
942 ## - ADDED ENTRY ELEMENTS (KOHA)
Source of classification or shelving scheme
Koha item type წიგნი
ეგზემპლარები
Withdrawn status Lost status Source of classification or shelving scheme Damaged status Not for loan Permanent Location Current Location Shelving location Date acquired Cost, normal purchase price Full call number Barcode Date last seen Copy number Price effective from Koha item type Public note
          ბათუმის შოთა რუსთაველის სახელმწიფო უნივერსიტეტის მთავარი ბიბლიოთეკა ბათუმის შოთა რუსთაველის სახელმწიფო უნივერსიტეტის მთავარი ბიბლიოთეკა წიგნსაცავი 2022-07-11 214.00 61 TH-44 62972 2022-07-11 62972 2022-07-11 წიგნი 214 gel.